| 000 | 00893cab a2200241 4500 | ||
|---|---|---|---|
| 001 | ABS53376 | ||
| 008 | 090401t1995 xxu||||| |||| 00| 0 eng d | ||
| 035 | _a(Sirsi) u3814 | ||
| 041 | _aeng | ||
| 245 | _aRoute to a successful concrete repair | ||
| 260 | _c1995 | ||
| 350 | _a0 | ||
| 490 |
_aConstruction Repair _v9(4) July/August 1995, 41-42(2) |
||
| 520 | _aFor those responsible for the maintenance of reinforced concrete structures, a guide from the Concrete Repair Association on the assessment of the safety of the structure, types of damage and how to intitiate repair projects. | ||
| 650 | _aCONCRETE REPAIR ASSOCIATION | ||
| 650 | _aDETERIORATION | ||
| 650 | _aMETHOD OF MEASUREMENT | ||
| 650 | _aREINFORCED CONCRETE | ||
| 690 | _aBUILT ENVIRONMENT-BUILDING MATERIALS | ||
| 690 | _aBUILDING AND CONSTRUCTION-REPAIRS AND MAINTENANCE | ||
| 942 | _n0 | ||
| 948 | _c04/03/1997 | ||
| 999 |
_c2314 _d2314 |
||